Identificación de los componentes del agua residual que afectan la eficiencia del tratamiento anaerobio de la compañía Cervecera de Nicaragua S.A.

Identifica los componentes del agua residual que afectan la eficiencia del tratamiento anaerobio de la compañía cervecera de Nicaragua S.A. Evalúa los factores relacionados a la composición del agua residual que influye en la eficiencia del funcionamiento del reactor anaerobio, que es parte del...

Full description

Bibliographic Details
Main Authors: Altamirano R., Maxwell E., Duarte Zamora, Lenin Ernesto, Lara Real Javiera María
Other Authors: Tutor: Korsak, Larisa
Format: Tesis Section = Libro
Language:Undetermined
Spanish
Published: Managua UNI 2006
Subjects:
LEADER 01865nam a2200277Ia 4500
008 240830s9999 xx 000 0 und d
040 |a BIBLIOTECA-RUSB/ Mon 628.3 A465 
041 |a spa 
082 |a Mon 628.3 A465 
100 1 |a Altamirano R., Maxwell E.  
100 1 |b Duarte Zamora, Lenin Ernesto 
100 1 |c Lara Real Javiera María 
245 1 0 |a Identificación de los componentes del agua residual que afectan la eficiencia del tratamiento anaerobio de la compañía Cervecera de Nicaragua S.A. 
260 |a Managua  |b UNI  |c 2006 
300 |a 184 p. :il. 
500 |a Contiene: anexos. 
502 |a Tesis (Ingeniero Químico) - UNI, 2006. 
520 3 |a Identifica los componentes del agua residual que afectan la eficiencia del tratamiento anaerobio de la compañía cervecera de Nicaragua S.A. Evalúa los factores relacionados a la composición del agua residual que influye en la eficiencia del funcionamiento del reactor anaerobio, que es parte del sistema de tratamiento de aguas residuales. Se llevó a cabo una caracterización de los parámetros físicos- químicos básicos del agua residual, así como los parámetros esenciales de los nutrientes y micro nutrientes necesarios para el desarrollo de los microorganismos anaerobios. Evalúa elementos tóxicos que podrían causar inhibición en el crecimiento de biomasa en el reactor. También se realizaron ensayos de biodegrabilidad del agua residual y a seis de los productos seleccionados como los más probables causantes de la baja eficiencia de remoción en el reactor. 
650 7 |a TRATAMIENTO ELIMINACION DE AGUAS NEGRAS - COMPAÑIA 
650 7 |b  CERVECERA 
650 7 |c  TRATAMIENTO ANAEROBIO - AGUAS NEGRAS MICROBIOLOGIA 
650 7 |d  BIODEGRADABILIDAD ANAEROBIA 
700 1 |a Tutor:  |b Korsak, Larisa 
942 |c BK  |2 ddc 
991 |a TESIS 
999 |c 20456